The theory of numbers /
Guardado en:
| Otros Autores: | |
|---|---|
| Formato: | Libro |
| Idioma: | English Japanese |
| Publicado: |
Amsterdam : New York :
North-Holland ; American Elsevier,
1975.
|
| Series: | North-Holland mathematical library ;
v. 8 |
| Materias: | |
| Etiquetas: |
Agregar Etiqueta
Sin Etiquetas, Sea el primero en etiquetar este registro!
|
| LEADER | 01009cam a2200265 a 4500 | ||
|---|---|---|---|
| 001 | MAT.inmabb003384 | ||
| 008 | 750717s1975####ne#######b####001#0#eng## | ||
| 005 | 20150701130123.0 | ||
| 245 | 1 | 4 | |a The theory of numbers / |c edited by S. Iyanaga ; translated by K. Iyanaga. |
| 260 | |a Amsterdam : |b North-Holland ; |a New York : |b American Elsevier, |c 1975. | ||
| 300 | |a xi, 541 p. ; |c 23 cm. | ||
| 440 | 0 | |a North-Holland mathematical library ; |v v. 8 | |
| 500 | |a Traducción de: Suron. Tokio : Iwanami Shoten, 1969. | ||
| 500 | |a Contiene contribuciones de: T. Tannaka, T. Tamagawa, I. Satake, Akira Hattori, G. Fujisaki y H. Shimizu. | ||
| 504 | |a Bibliografía: p. 519-535. | ||
| 510 | 4 | |a MR, |c 56 #2953 | |
| 020 | |a 0720424585 (North-Holland) | ||
| 020 | |a 0444106782 (American Elsevier) | ||
| 700 | 1 | |a Iyanaga, Shokichi, |d 1906- |4 edt | |
| 240 | 1 | 0 | |a Suron. |l Inglés |
| 650 | 0 | |a Class field theory. | |
| 010 | |a 75023202 | ||
| 040 | |a DLC |c DLC |d DLC | ||
| 041 | 1 | |a eng |h jpn | |
| 859 | |h 11 |i Iy97 |p A-4837 |b BIB. MATEMATICA | ||
